| 000 | 01523nam a22002177a 4500 | ||
|---|---|---|---|
| 999 |
_c57880 _d57880 |
||
| 003 | Ge_BSU | ||
| 005 | 20210324150410.0 | ||
| 008 | 210324s2021 ge ||||| |||| 00| 0 geo d | ||
| 020 | _a9789941022883 (ყველა ნაწილი) | ||
| 041 | _ageo | ||
| 080 | _a665.6(083.7) ჩ-96 | ||
| 100 |
_a ჩხაიძე, დავით _910696 |
||
| 245 |
_aგაზომვების მეთოდების შემმუშავებელი ამერიკული საზოგადოების (ASTM) ზოგიერთი სატანდართული ანალიზის მიმოხილვა. _bდამხმარე ლიტერატურა ნავთობისა და გაზის მოპოვების, ტრანსპორტირებისა და შენახვის ტექნიკისა და ტექნოლოგიების სპეციალობისათვის : ნაწ.2: განახლებული გამოშვება /. _cდავით ჩხაიძე ; მადონა ლორია ; რედ. ანზორ აბშილავა |
||
| 264 |
_aბათუმი, _c2021. |
||
| 300 |
_a63 გვ.; _c19 სმ. |
||
| 653 | _aნავთობი | ||
| 653 | _aგაზი | ||
| 700 |
_a ლორია, მადონა _910697 |
||
| 700 |
_a აბშილავა, ანზორ _eრედაქტორი _910698 |
||
| 942 |
_2udc _cBK |
||